000 00324nam a22001217a 4500
020 _a1593270356
082 _222
_a005.432
100 _aWard, Brain.
245 _aHow Linux works :
_bwhat every super user should know /
260 _aUSA,
_bNo Starch Press,
_cc2004.
300 _axvi. 347p. ;
_bill. ;
_c24 cm.
942 _2ddc
_cIT
999 _c2431
_d2431